Representación política, ciudadanía y democracia : el caso de un diputado local /

שמור ב:
מידע ביבליוגרפי
מחבר ראשי: Cabello Gil, José Antonio (autor)
פורמט: Tesis ספר
שפה:ספרדית
יצא לאור: Guadalajara, México : edición de autor, 2007
נושאים:
תגים: הוספת תג
אין תגיות, היה/י הראשונ/ה לתייג את הרשומה!

MARC

LEADER 00000nam^a2200000^a^4500
001 000262454
005 20250521000000.0
009 20260310110543.606
037 |a Acervo ITESO - Biblioteca 
041 |a ESP 
090 |a MPG. 22 
100 |a Cabello Gil, José Antonio  |e (autor) 
245 1 0 |a Representación política, ciudadanía y democracia :  |b el caso de un diputado local /  |c J.A. Cabello Gil. 
264 1 |a Guadalajara, México :  |b edición de autor,  |c 2007 
300 |a 1 tesis electrónica en disco (46 p.) 
300 |a 1 disco compacto de computadora 
336 |a datos para computadora  |b cod  |2 rdacontenido 
337 |a computadora  |b c  |2 rdamedio 
338 |a disco de computadora  |b cd  |2 rdasoporte 
502 |a ITESO Tesis de Maestría en Política y Gestión Pública 
530 |a Existe una edición en formato digital en línea con el mismo título 
649 |a XX 
650 |a Diputados Jaliscienses 
650 |a Diputados Mexicanos 
650 |a Cámara de Diputados -  |z Jalisco -  |x Historia -  |y 2000-2006 
650 |a Cámara de Diputados -  |z México -  |x Historia -  |y 2000-2006 
650 |a Poder Legislativo -  |z Jalisco -  |x Historia -  |y 2000-2006 
650 |a Poder Legislativo -  |z México -  |x Historia -  |y 2000-2006 
650 |a Representación Política -  |z Jalisco -  |x Tema Principal 
650 |a Representación Política -  |z México 
650 |a Democracia -  |z Jalisco 
650 |a Democracia -  |z México 
650 |a Proceso Político -  |z Jalisco -  |x Historia -  |y 2000-2006 
650 |a Proceso Político -  |z México -  |x Historia -  |y 2000-2006 
650 |a Política -  |z Jalisco -  |x Historia -  |y 2000-2006 
650 |a Política -  |z México -  |x Historia -  |y 2000-2006 
910 |a Fondo General 
920 |a Electrónicos - Tesis del ITESO en Disco 
905 |a 202 
901 |a 0500143268  |b IT2  |c STS  |u 20250521 
902 |a https://opac.biblio.iteso.mx/vufind/Record/000262454